000 00499nam a22001817a 4500
005 20251108172101.0
008 250721s9999 xx 000 0 ara d
082 1 4 _a928.11/جمي
100 1 _aناجي، هلال
245 1 0 _aالزهاوي و ديوانه المفقود /
264 1 _aالقاهرة :
_bدار العرب للبستاني،
300 _a384ص
650 1 7 _aالتراجم
650 1 7 _aالشعراء
650 1 7 _aالعراق
942 _2ddc
_cBK
999 _c70043
_d70043